Score 0/18 Timer 02:00
0 Plays Today
Hint 3-Letter Word % Correct
SoggyWET
94.2%
☁ Took first place ☁☁ WON ☁
93.4%
Noah's bargeARK
93.3%
☁ Donkey ☁☁ ASS ☁
93.2%
InquireASK
92.8%
☁ Partner of CTRL + DELETE ☁☁ ALT ☁
92.6%
☁ Existed ☁☁ WAS ☁
86.7%
Pub pintALE
85.7%
NFL wideout WelkerWES
84.6%
Hint 3-Letter Word % Correct
Pale or sicklyWAN
83.8%
Golfer's gadgetTEE
83.4%
It might be fineART
82%
Three, in RomaTRE
79.1%
ExistARE
78.4%
☁ Mr. Turner or Nugent ☁☁ TED ☁
77.7%
IntelligenceWIT
68.4%
Robotic minds?AIS
54.4%
River islandAIT
51%

Today's Daily Dose

Remove Ads.
Support Sporcle.
Get the best of Sporcle when you Go Orange. This ad-free experience offers more features, more stats, and more fun while also helping to support Sporcle. Thank you for becoming a member.

You're not logged in!

Compare scores with friends on all Sporcle quizzes.
OR
Log In

Show Comments

Extras

Top Quizzes Today


Score Distribution

Your Account Isn't Verified!

In order to create a playlist on Sporcle, you need to verify the email address you used during registration. Go to your Sporcle Settings to finish the process.

Report this User

Report this user for behavior that violates our Community Guidelines.

Details: